[Event "Bayern-ch Seniors 22nd"]
[Site "Bergen"]
[Date "2010.06.18"]
[Round "7"]
[White "Schuster, Herbert"]
[Black "Moderegger, Ludwig"]
[Result "1-0"]
[WhiteElo "1688"]
[BlackElo "1452"]
[PlyCount "119"]
[EventDate "2010.06.12"]
[EventType "swiss"]
[EventRounds "9"]
[EventCountry "GER"]
[SourceTitle "EXT 2011"]
[Source "ChessBase"]
[SourceDate "2010.11.26"]
[SourceVersion "1"]
[SourceVersionDate "2010.11.26"]
[SourceQuality "1"]

1. g3 d5 2. Bg2 e5 3. d3 c5 4. Nc3 Be6 5. Nf3 f6 6. 0-0 a6 7. e4 d4 8. Ne2 Bd6 9. b3 Nc6 10. Bd2 Nge7 11. Kh1 Qd7 12. Nfg1 g5 13. f3 h5 14. h3 0-0-0 15. c3 Rdg8 16. cxd4 exd4 17. f4 gxf4 18. Bxf4 Ne5 19. Rc1 b6 20. Nxd4 Kb8 21. Nxe6 Qxe6 22. d4 Nd7 23. dxc5 Bxf4 24. Rxf4 Rxg3 25. Qd6+ Qxd6 26. cxd6 Ng6 27. Rf3 Rg5 28. Rf5 Nge5 29. Rxg5 fxg5 30. Nf3 Nxf3 31. Bxf3 h4 32. Rc7 Ne5 33. Be2 Rd8 34. Re7 Nc6 35. Rg7 Rxd6 36. Bxa6 Nb4 37. Bc4 Nxa2 38. Rxg5 Rh6 39. Rg7 Nc3 40. Bd5 Ne2 41. Kg2 Kc8 42. Kf3 Nd4+ 43. Kf4 Nb5 44. Kg5 Rh8 45. Rg8+ Rxg8+ 46. Bxg8 Kd7 47. Kxh4 Ke7 48. Kg5 Nd6 49. Bd5 Kf8 50. Kf6 Ne8+ 51. Kg6 Ke7 52. h4 Nf6 53. h5 Ng4 54. h6 Kf8 55. h7 Ne5+ 56. Kf6 Nd7+ 57. Ke6 Nc5+ 58. Kd6 Kg7 59. Kc6 Kxh7 60. Kxb6 1-0